000 00751nam a22001817a 4500
003 UA-OsUOA
001 15617
007 ta
008 20031119b un ||||| |||| 00| 0 ukr d
100 _aЗахарова В.
942 _cSA
040 _aUA-OsUOA
_cUA-OsUOA
_dUA-OsUOA
245 _aПередбачати непередбачене: [Про роботу центру лікування склад. розладів серцевого ритму та ендоваскулярної рентгенхірургії , який очолює засл. лікар України О.В.Качан]
300 _aС.12, 14
955 _a0
773 0 _w0
_tІмідж
_dРівне
_d2003
_g№14/Серп./
650 7 _aКраєзнавча робота
_2UDC
999 _c301782
_d301782